000 02837nam a22002057a 4500
003 DO-CoUTE
005 20260526175758.0
008 260526b dr ||||| |||| 00| 0 spa d
040 _aDO-CoUTE
_bspa
_cDO-CoUTE
082 _aRD320.97293S232J
100 1 _aCastillo Santana, Jorge
_eAutor
245 1 0 _aJuan Bosch :
_bUtopiuas Inconclusas 2da edición /
_cJorge Santana Castillos
260 _arepública dominicana ;
_bEditora Universitaria UASD
_c2023
300 _a259 Paginas :
_c23cm,
504 _aIncluye referencia bibliográfica e índice.
505 _aÍNDICE / Presentación / Prólogo / Introducción. / Razones Metodológicas / CAPÍTULO I / Proceso Histórico de Construcción del Pensamiento Democrático en Juan Bosch / 1.1. Vida y obra política de Juan Bosch. / 1.2. Panorama de la situación política en el período 1930-1965 en la República Dominicana / 1.3. Las primeras ideas democráticas en el pensamiento político de Bosch. / 1.4. Juan Bosch y el exilio político. / 1.5. Influencias políticas y filosóficas de Eugenio María de Hostos en el pensamiento político y filosófico de Juan Bosch. / 1.6. Relaciones y similitudes entre el pensamiento político y filosófico de Juan Bosch y el de Jean Jacques Rousseau / 1.6.1. La conciencia social en Rousseau y Bosch. / 1.6.2. Diferentes vías de influencias roussonianas en el pensamiento democrático de Bosch / CAPÍTULO II / Cimientos y Desarrollo de la Democracia en la República Dominicana. / 2.1. Origenes de la democracia. / 2.2. Estado y Democracia. / 2.3. Democracia y Desarrollo en América Latina. / 2.4. El surgimiento del capitalismo en la República Dominicana. / CAPÍTULO III/ La concepción filosófica y política en el pensamiento de Juan Bosch / 3.1. Principios de libertad en las ideas políticas de Juan Bosch. / 3.2. Dimensión ética y moral en el pensamiento político de Juan Bosch / 3.3. Ideas de igualdad, y justicia social, en el pensamiento político de Bosch / CAPÍTULO IV / Prácticas democráticas y pedagógicas en las ideas políticas de Juan Bosch / 4.1. Filosofía y prácticas democráticas en Juan Bosch. / 4.2. Juan Bosch: maestro de excepción / 4.3. Prácticas etnográficas en el pensamiento social y político de Bosch. / 4.4. Idea de liberación nacional en el pensamiento político de Bosch. / CAPÍTULO V / Trascendencia del pensamiento político de Juan Bosch. / 5.1. Juan Bosch, paradigma de dignidad y decoro. / 5.2. La comunicación social y la perspectiva del discurso político en Juan Bosch / 5.3. El Boschismo: una filosofía metodológica partidaria. / 5.4. Vigencia de las ideas políticas de Juan Bosch, en la praxis de la política actual en República Dominicana. / Bibliografía.
650 5 _aPensamiento político
700 1 _aJorge Santana Castillo
_eAutor
942 _2ddc
_cBK
999 _c24240
_d24240